| 000 | 01179nam0a22002891 4500 | ||
|---|---|---|---|
| 001 | rc\1064817 | ||
| 005 | 20250622095635.0 | ||
| 035 | _a(NLR Aleph) 006225268 | ||
| 090 |
_a6513533 _c6513533 |
||
| 100 | _a20041129d1980 |||y0rusy50 ca | ||
| 101 | 0 | _arus | |
| 102 | _aRU | ||
| 105 | _aa ||||||||| | ||
| 200 | 1 | _aСохранение свежести хлеба | |
| 210 |
_aМ. _cЦНИИТЭИпищепром _d1980 |
||
| 215 |
_a45 с. _cил. _d20 |
||
| 225 | 1 |
_aПищевая промышленность _hСерия 14 _iХлебопекарная, макаронная, дрожжевая промышленность _eОбзор. информ. _fЦНИИ информ. и техн.-экон. исслед. пищ. пром-сти _vВып. 1 |
|
| 300 | _aАвт. указаны на 2 с. обл. | ||
| 300 | _aВ надзаг. также: М-во пищ. пром-сти СССР | ||
| 320 | _aБиблиогр.: с. 43-45 | ||
| 700 | 1 |
_aКузьминский _bР.В. _gРуслан Владимирович |
|
| 701 | 1 |
_aГорячева _bА.Ф. |
|
| 801 | 0 |
_aRU _bNLR _gpsbo |
|
| 801 | 1 |
_aRU _bELAR _2rusmarc |
|
| 852 |
_aNLR _jП10/5778 |
||
| 942 | _cBOOK | ||
| 980 | _aNB | ||